| Tag |
First Indicator |
Second Indicator |
Subfields |
| LEADER |
00000cam a2200000 4500 |
| 001 |
in00000353021 |
| 005 |
20151011070904.0 |
| 008 |
760207s1967 ge b 00000 ger |
| 010 |
|
|
|a 68096935
|
| 035 |
|
|
|a (OCoLC)01973401
|
| 035 |
|
|
|9 ABN8980AM
|
| 040 |
|
|
|a DLC
|c CIN
|d TXA
|d UtOrBLW
|
| 049 |
|
|
|a TXAM
|d [
|v =Bd.]
|v 1 [1611974]
|
| 050 |
|
0 |
|a DD149
|b .S62 1967
|
| 100 |
1 |
|
|a Simonsfeld, Henry,
|d 1852-1913.
|
| 245 |
1 |
0 |
|a Jahrbucher des Deutschen Reiches unter Friedrich I. Auf Veranlassung Seiner Majestat des Konigs /
|c von Bayern hrsg. durch die Historische Commission bei der Konigl. Akademie der Wissenschaften.
|
| 250 |
|
|
|a [2. unveranderte Aufl.].
|
| 264 |
|
1 |
|a Berlin :
|b Duncker and Humblot,
|c 1967-
|
| 300 |
|
|
|a volumes ;
|c 22 cm.
|
| 336 |
|
|
|a text
|b txt
|2 rdacontent
|
| 337 |
|
|
|a unmediated
|b n
|2 rdamedia
|
| 338 |
|
|
|a volume
|b nc
|2 rdacarrier
|
| 490 |
1 |
|
|a Jahrbucher der deutschen Geschichte
|
| 500 |
|
|
|a "Neudruck der 1. Auflage von 1908."
|
| 504 |
|
|
|a Bibliographical footnotes.
|
| 505 |
0 |
|
|a 1. Bd. 1152 bis 1158.
|
| 651 |
|
0 |
|a Holy Roman Empire
|x History
|y Frederick I, 1152-1190.
|
| 651 |
|
0 |
|a Germany
|x History
|y Frederick I, 1152-1190.
|
| 710 |
2 |
|
|a Bayerische Akademie der Wissenschaften.
|b Historische Kommission.
|
| 830 |
|
0 |
|a Jahrbucher der deutschen Geschichte.
|
| 999 |
|
|
|a MARS
|
| 999 |
f |
f |
|s 8ae8b9e3-0eb1-3f52-96db-9a9e6735ac23
|i 21eec8da-6c9c-3744-a849-d7ba23d0ed33
|t 0
|
| 952 |
f |
f |
|p ric
|a Texas A&M University
|b Rellis Campus
|c Joint Library Facility
|d Remote Storage
|t 0
|e DD149 .S62 1967
|h Library of Congress classification
|i unmediated -- volume
|k bd.1
|m A14801971853
|
| 998 |
f |
f |
|a DD149 .S62 1967
|s bd.1
|t 0
|l Remote Storage
|